লোডিং...

Srimadbhagavada mahapuranam (vol.3)/

গ্রন্থ-পঞ্জীর বিবরন
অন্যান্য লেখক: Krishnadas (ed.)
বিন্যাস: Printed Book
প্রকাশিত: Delhi: Nag, 2005..
সংস্করন:2nd.
বিষয়গুলি:
LEADER 00642nam a22001931a 4500
020 |a 8170811457 
082 |a S 294.5925  |b KRI/S.3 
245 |a Srimadbhagavada mahapuranam (vol.3)/  |c by Krishnadas (ed.) 
250 |a 2nd. 
260 |a Delhi:  |b Nag,  |c 2005.. 
300 |a  297+2p. 
650 |a Bhagavada Mahapuranam  |9 159197 
650 |a Puranas  |9 159198 
650 |a Hinduism  |9 159199 
650 |a Religion  |9 159200 
700 |a Krishnadas (ed.)  |9 159201 
942 |c BK 
999 |c 141936  |d 141936 
952 |0 0  |1 0  |4 0  |6 S_294_592500000000000_KRI_S_3  |7 0  |9 98194  |a SSUS  |b SSUS  |c STACKS  |d 2019-05-09  |g 750.00  |o S 294.5925 KRI/S.3  |p 095346  |r 2019-05-09  |w 2019-05-09  |y BK